| 000 | 00781nam a2200145 a 4500 | ||
|---|---|---|---|
| 008 | 130926s2013 ||||||||||||||||| || u | ||
| 050 | _aUNECE(058)BR/2013/17 | ||
| 110 | _aUnited Nations Economic Commission for Europe (UNECE) | ||
| 245 | 1 | 0 |
_aEconomic Commission for Europe, Biennual report (1 april 2011-11 April 2013): Economic and social council official records, 2013- supplement no.17 _cby United Nations Economic Commission for Europe |
| 250 | _a17th | ||
| 260 |
_aGeneva: _bUnited Nations Economic Commission for Europe (UNECE) _c2013 |
||
| 300 | _aiii, 65p. | ||
| 650 | _aUNITED NATIONS ECONOMIC COMMISSION FOR EUROPE--REPORT | ||
| 995 |
_FCBU-MAIN LIBRARY (Kitwe) _M1 _UAVAILABLE _WSep 26, 2013 _ZInternational Publications |
||
| 999 |
_c40762 _d40762 |
||